| 000 | 00000nas##2200000za#4500 |
| 001 | 9.504462 |
| 003 | CaOODSP |
| 005 | 20210615082313 |
| 007 | cr ||||||||||| |
| 008 | 150406c2001||||xxc|| m o||||f| |0eng|d |
| 040 | |aCaOODSP|beng |
| 043 | |an-cn--- |
| 086 | 1 |aH113-7E-PDF |
| 110 | 1 |aCanada. |bPest Management Regulatory Agency. |
| 245 | 10|aRegulatory note |h[electronic resource] |
| 260 | |aOttawa - Ontario : |bHealth Canada. |
| 310 | |aIrregular |
| 520 | 3 |aThese Regulatory Notes provide a summary of material reviewed and the rationale for the regulatory decision for these products. |
| 775 | 08|tNote réglementaire |w(CaOODSP)9.500880 |
| 776 | 0#|tRegulatory note |w(CaOODSP)9.514702 |